[Event "119th Scottish Championship"]
[Site "Glasgow"]
[Date "2012.07.14"]
[Round "8"]
[White "Durno, Joy"]
[Black "Eggink, Gerhard"]
[Result "1-0"]
[WhiteElo "1729"]
[BlackElo "1965"]
[PlyCount "107"]
[EventDate "2012.07.07"]
[EventType "swiss"]
[EventRounds "9"]
[EventCountry "SCO"]
[Source "Chess Scotland"]
[SourceDate "2012.07.24"]

1. d4 d5 2. c4 e6 3. Nf3 Nf6 4. g3 Be7 5. Bg2 O-O 6. O-O dxc4 7. Qc2 c5 8. dxc5
Bxc5 9. Nbd2 Nc6 10. Nxc4 Qe7 11. Bf4 Nd5 12. Bd2 Nd4 13. Nxd4 Bxd4 14. e4 Nb6
15. Nxb6 Bxb6 16. e5 f6 17. exf6 gxf6 18. Qc4 Re8 19. Rad1 Kg7 20. Bb4 Qf7 21.
Qb5 Rb8 22. Rd2 Rd8 23. Rxd8 Bxd8 24. Rd1 Be7 25. Bd6 Bxd6 26. Rxd6 b6 27. Bf3
Qg6 28. Kg2 Rb7 29. Bxb7 Bxb7+ 30. Kg1 Qb1+ 31. Qf1 Qe4 32. Rd7+ Kg6 33. Qd3 a6
34. Qxe4+ Bxe4 35. Rd6 Bd5 36. Rxb6 Bxa2 37. Rxa6 Bc4 38. Rd6 Kf5 39. Rd4 Bb3
40. Rd3 Bc4 41. Rd4 Bb3 42. Rh4 Kg6 43. Rb4 Bd5 44. Rb6 h5 45. h4 Kf7 46. Kf1
Ke7 47. Ke2 Kd8 48. Kd3 Kc7 49. Rb4 f5 50. Kd4 Kd6 51. Rb6+ Kc7 52. Ra6 Kd7 53.
Ke5 Bf3 54. Ra7+ 1-0

[Event "119th Scottish Championship"]
[Site "Glasgow"]
[Date "2012.07.14"]
[Round "8"]
[White "Buchanan, Walter F"]
[Black "Karlsson, Mikael"]
[Result "1-0"]
[WhiteElo "2127"]
[BlackElo "1929"]
[PlyCount "97"]
[EventDate "2012.07.07"]
[EventType "swiss"]
[EventRounds "9"]
[EventCountry "SCO"]
[Source "Chess Scotland"]
[SourceDate "2012.07.24"]

1. e4 c5 2. Nf3 Nc6 3. Bb5 g6 4. O-O Bg7 5. Bxc6 bxc6 6. d3 Nf6 7. Nbd2 O-O 8.
e5 Nd5 9. Nc4 Ba6 10. Qe2 Rb8 11. Bd2 Qc7 12. b3 f6 13. Rae1 fxe5 14. Ncxe5
Rbe8 15. Qe4 Rf5 16. Ng4 Nf6 17. Nxf6+ Bxf6 18. Be3 e6 19. Qg4 Kg7 20. Bg5 Rf8
21. Qh4 Rxg5 22. Nxg5 h6 23. Qa4 Bb7 24. Nxe6+ dxe6 25. Qe4 e5 26. Re3 Qd6 27.
Rg3 Bg5 28. Re1 Rf5 29. h4 Rf4 30. Qxe5+ Qxe5 31. Rxe5 Bxh4 32. Rf3 Rxf3 33.
gxf3 Bf6 34. Re8 c4 35. dxc4 Ba6 36. Re6 Bb7 37. Rd6 Bc8 38. Rxc6 Bf5 39. Rc7+
Kf8 40. Rxa7 Bxc2 41. c5 Ke8 42. c6 Kd8 43. b4 Kc8 44. a4 Bd4 45. Rd7 Bc3 46.
b5 Bxa4 47. b6 Ba5 48. Ra7 Bxc6 49. Rc7+ 1-0

[Event "119th Scottish Championship"]
[Site "Glasgow"]
[Date "2012.07.14"]
[Round "8"]
[White "Brown, Martin"]
[Black "McGowan, Daniel"]
[Result "1-0"]
[WhiteElo "2224"]
[BlackElo "2101"]
[PlyCount "141"]
[EventDate "2012.07.07"]
[EventType "swiss"]
[EventRounds "9"]
[EventCountry "SCO"]
[Source "Chess Scotland"]
[SourceDate "2012.07.24"]

1. e4 e6 2. d4 d5 3. Nd2 c5 4. exd5 exd5 5. Ngf3 Nc6 6. Bb5 Bd6 7. dxc5 Bxc5 8.
O-O Nge7 9. Nb3 Bd6 10. h3 O-O 11. Nbd4 a6 12. Bd3 Ng6 13. Bxg6 hxg6 14. Ne2
Be6 15. Bf4 Qc7 16. Bxd6 Qxd6 17. Qd2 Rad8 18. Rfd1 Rfe8 19. Ned4 Bc8 20. c3
Qf6 21. Re1 Re4 22. Re2 Rde8 23. Rae1 Bd7 24. Nxc6 Bxc6 25. Nd4 Rxe2 26. Rxe2
Rxe2 27. Qxe2 Bd7 28. Nf3 Qf4 29. Qe5 Qxe5 30. Nxe5 Be6 31. a3 Kf8 32. Kf1 Ke7
33. Ke2 Kd6 34. Nf3 Kc5 35. Nd4 Kc4 36. Kd2 Bd7 37. b3+ Kc5 38. Kd3 Kd6 39. Nf3
Bb5+ 40. Kd4 f6 41. h4 Bd7 42. Ng1 Be6 43. Ne2 Bf7 44. Nf4 Kc6 45. g3 Kd6 46.
g4 Kc6 47. g5 Kd6 48. a4 Kc6 49. a5 Kd6 50. Ng2 Be8 51. Ne3 Bc6 52. f4 Ke6 53.
Kc5 Bd7 54. Kb6 Bc6 55. b4 Kd7 56. Nc2 Kc8 57. Nd4 Be8 58. Kc5 Kc7 59. Kxd5
Bf7+ 60. Kc5 Kd7 61. Nc2 Ke6 62. Ne3 Be8 63. Kb6 Bc6 64. c4 Bf3 65. b5 axb5 66.
cxb5 Kd6 67. Nc4+ Ke6 68. Kc7 Kd5 69. Nd2 Be2 70. a6 bxa6 71. b6 1-0

[Event "119th Scottish Championship"]
[Site "Glasgow"]
[Date "2012.07.14"]
[Round "8"]
[White "Thomas, Phil"]
[Black "Brown, Ken A"]
[Result "1/2-1/2"]
[WhiteElo "1900"]
[BlackElo "1773"]
[PlyCount "50"]
[EventDate "2012.07.07"]
[EventType "swiss"]
[EventRounds "9"]
[EventCountry "SCO"]
[Source "Chess Scotland"]
[SourceDate "2012.07.24"]

1. e4 e5 2. Nf3 Nc6 3. Bc4 Nf6 4. Ng5 d5 5. exd5 Na5 6. Bb5+ c6 7. dxc6 bxc6 8.
Bd3 Bc5 9. Qe2 O-O 10. Ne4 Nxe4 11. Bxe4 f5 12. Bxc6 Bxf2+ 13. Qxf2 Nxc6 14.
O-O Bb7 15. d3 Nd4 16. Be3 Rf6 17. Bxd4 exd4 18. Nd2 Rc8 19. Nf3 Bxf3 20. gxf3
Qb6 21. Rab1 Rfc6 22. c4 dxc3 23. Qxb6 Rxb6 24. bxc3 Rxc3 25. Rxb6 axb6 1/2-1/2

[Event "119th Scottish Championship"]
[Site "Glasgow"]
[Date "2012.07.14"]
[Round "8"]
[White "Roy, Ali"]
[Black "Ridge, Michael"]
[Result "1/2-1/2"]
[WhiteElo "1822"]
[BlackElo "1927"]
[PlyCount "76"]
[EventDate "2012.07.07"]
[EventType "swiss"]
[EventRounds "9"]
[EventCountry "SCO"]
[Source "Chess Scotland"]
[SourceDate "2012.07.24"]

1. Nf3 Nf6 2. c4 g6 3. b3 Bg7 4. Bb2 O-O 5. e3 d6 6. d4 e5 7. dxe5 Ng4 8. Be2
Nc6 9. O-O Ngxe5 10. Nc3 h5 11. Rc1 Bf5 12. Nd4 Nxd4 13. exd4 Ng4 14. h3 Nh6
15. Qd2 Qh4 16. Nd5 c6 17. Ne3 g5 18. d5 Bxb2 19. Qxb2 g4 20. Qd4 Qg5 21. hxg4
c5 22. Qc3 hxg4 23. b4 b6 24. bxc5 bxc5 25. Bd3 Rae8 26. Nxf5 Nxf5 27. Bxf5
Qxf5 28. Qg3 Qg6 29. f3 f5 30. Rb1 Re2 31. fxg4 f4 32. Qh3 Rxa2 33. Rb7 a5 34.
g5 Re2 35. Ra7 Re3 36. Qh6 Qxh6 37. gxh6 f3 38. gxf3 Rfxf3 1/2-1/2

[Event "119th Scottish Championship"]
[Site "Glasgow"]
[Date "2012.07.14"]
[Round "8"]
[White "Hilton, Stephen H"]
[Black "Klug, Christian"]
[Result "1/2-1/2"]
[WhiteElo "1918"]
[BlackElo "1894"]
[PlyCount "59"]
[EventDate "2012.07.07"]
[EventType "swiss"]
[EventRounds "9"]
[EventCountry "SCO"]
[Source "Chess Scotland"]
[SourceDate "2012.07.24"]

1. d4 f5 2. c4 Nf6 3. Nc3 d6 4. Nf3 g6 5. g3 Bg7 6. Bg2 O-O 7. O-O Qe8 8. Qb3
Kh8 9. d5 Na6 10. Be3 Nh5 11. Bd4 Nc5 12. Bxg7+ Nxg7 13. Qd1 e5 14. dxe6 Ncxe6
15. Qd2 Bd7 16. Nd4 Nxd4 17. Qxd4 Qe5 18. Rfd1 Qxd4 19. Rxd4 Ne6 20. Rd2 Rab8
21. b4 Bc6 22. Nd5 Kg7 23. f4 Rf7 24. Re1 b5 25. cxb5 Rxb5 26. a4 Rb8 27. b5
Bb7 28. Nb4 Bxg2 29. Kxg2 Nc5 30. Rd4 1/2-1/2

[Event "119th Scottish Championship"]
[Site "Glasgow"]
[Date "2012.07.14"]
[Round "8"]
[White "Floros, Antonios"]
[Black "Walker, Duncan"]
[Result "1/2-1/2"]
[WhiteElo "1780"]
[BlackElo "1991"]
[PlyCount "99"]
[EventDate "2012.07.07"]
[EventType "swiss"]
[EventRounds "9"]
[EventCountry "SCO"]
[Source "Chess Scotland"]
[SourceDate "2012.07.24"]

1. e4 Nf6 2. Nc3 d5 3. exd5 Nxd5 4. Bc4 Nb6 5. Bb3 Nc6 6. Nf3 e6 7. O-O Na5 8.
d4 Be7 9. Bf4 O-O 10. Nb5 Nxb3 11. axb3 Nd5 12. Bg3 Bd7 13. Nc3 Nb4 14. Ne5 Be8
15. Ne4 f6 16. Nf3 b6 17. c3 Nd5 18. c4 Nb4 19. Nc3 c6 20. Qe2 Bf7 21. Rad1 Bd6
22. Ne5 Re8 23. Nxf7 Kxf7 24. Bxd6 Qxd6 25. Rd2 Rad8 26. Rfd1 Qe7 27. h3 Rd7
28. d5 cxd5 29. cxd5 Nxd5 30. Nxd5 Rxd5 31. Rxd5 exd5 32. Qh5+ Kg8 33. Qxd5+
Qe6 34. Kf1 Kf8 35. Qxe6 Rxe6 36. Rd7 Re7 37. Rd4 Ke8 38. Ra4 Kd8 39. f3 Kc8
40. Kf2 Kb7 41. f4 b5 42. Rd4 Kb6 43. b4 a5 44. bxa5+ Kxa5 45. g4 b4 46. b3 Kb5
47. f5 Kc5 48. Rc4+ Kb5 49. Rd4 Kc5 50. Rc4+ 1/2-1/2

[Event "119th Scottish Championship"]
[Site "Glasgow"]
[Date "2012.07.14"]
[Round "8"]
[White "Bannink, Bernard"]
[Black "McClement, Andrew"]
[Result "1/2-1/2"]
[WhiteElo "2258"]
[BlackElo "2075"]
[PlyCount "174"]
[EventDate "2012.07.07"]
[EventType "swiss"]
[EventRounds "9"]
[EventCountry "SCO"]
[Source "Chess Scotland"]
[SourceDate "2012.07.24"]

1. d4 Nf6 2. Nf3 e6 3. Bg5 c5 4. e3 Be7 5. Nbd2 b6 6. c3 cxd4 7. exd4 Bb7 8.
Bd3 d6 9. O-O Nbd7 10. Re1 O-O 11. Nf1 a6 12. a4 Qc7 13. Ng3 Rfe8 14. Rc1 Bf8
15. Bxf6 Nxf6 16. Ne4 Nxe4 17. Bxe4 Bxe4 18. Rxe4 b5 19. d5 Qc5 20. dxe6 fxe6
21. Qe2 e5 22. axb5 axb5 23. Rd1 Reb8 24. Qd3 Ra4 25. b4 Qc6 26. Rh4 h6 27. h3
Ra3 28. Rc1 Rc8 29. Qf5 Rxc3 30. Rxc3 Qxc3 31. Kh2 Rc7 32. Rg4 Qc2 33. Qe6+ Rf7
34. Nh4 Qxf2 35. Ng6 Qf6 36. Qd5 Kh7 37. Rg3 e4 38. Qxe4 Qf5 39. Qe8 Kg8 40.
Nh8 Re7 41. Qd8 Qd7 42. Qxd7 Rxd7 43. Ng6 d5 44. Nxf8 Kxf8 45. Kg1 Kf7 46. Kf2
Kf6 47. Ke3 Ke5 48. Rg6 d4+ 49. Kd3 Ra7 50. Rb6 Ra3+ 51. Ke2 Ke4 52. Rxb5 Ra2+
53. Kf1 d3 54. Ke1 Rxg2 55. h4 Ke3 56. Re5+ Kd4 57. Rc5 d2+ 58. Kd1 Kd3 59.
Rd5+ Kc3 60. Rc5+ Kxb4 61. Rc7 g6 62. Kc2 Rg4 63. Kxd2 Rxh4 64. Ke3 Rc4 65. Rh7
h5 66. Rg7 Rc6 67. Kf4 Kc4 68. Kg5 Kd5 69. Rf7 Ke4 70. Rf4+ Ke3 71. Rf8 Ra6 72.
Rf7 Ke2 73. Rf8 Kd3 74. Re8 Kd4 75. Re7 Kd5 76. Re8 Re6 77. Rf8 Kd6 78. Rf7 Ke5
79. Rf8 Kd6 80. Rf7 Re8 81. Rf6+ Ke5 82. Rxg6 Rh8 83. Kh4 Kf5 84. Rg5+ Kf4 85.
Rxh5 Rg8 86. Rh7 Rg1 87. Rf7+ Ke5 1/2-1/2

[Event "119th Scottish Championship"]
[Site "Glasgow"]
[Date "2012.07.14"]
[Round "8"]
[White "Tsang, Sai Kong"]
[Black "Bea, Boglarka"]
[Result "0-1"]
[WhiteElo "1895"]
[BlackElo "2178"]
[PlyCount "124"]
[EventDate "2012.07.07"]
[EventType "swiss"]
[EventRounds "9"]
[EventCountry "SCO"]
[Source "Chess Scotland"]
[SourceDate "2012.07.24"]

1. d4 Nf6 2. Nf3 g6 3. c4 Bg7 4. Nc3 d5 5. Bf4 O-O 6. e3 c5 7. Be2 Nc6 8. O-O
dxc4 9. dxc5 Qa5 10. Qa4 Qxc5 11. Qxc4 Qxc4 12. Bxc4 Nh5 13. Bc7 Bg4 14. Bd5
Rac8 15. Bf4 Nxf4 16. exf4 Nb4 17. Ne5 Bxe5 18. fxe5 Rxc3 19. Bxf7+ Rxf7 20.
bxc3 Nd3 21. f3 Be6 22. Rab1 b6 23. a4 Bc4 24. Rfd1 Rf5 25. a5 b5 26. Rd2 Rxe5
27. Rbd1 Re3 28. h3 Kf7 29. Kh2 Ke6 30. Kg3 h6 31. h4 a6 32. Kg4 Ke5 33. Kg3
Nc5 34. Rd8 Rxc3 35. Re1+ Kf6 36. Rf8+ Bf7 37. Rb8 e6 38. Rd1 e5 39. Rd6+ Ke7
40. Rd1 Rc4 41. Re1 Nd7 42. Rb7 Ke6 43. Rd1 Be8 44. Ra7 Rc6 45. Ra8 Bf7 46. Ra7
Nc5 47. Rd8 g5 48. hxg5 hxg5 49. Rh8 Bg6 50. Kg4 Kd5 51. Kxg5 Bc2 52. Rb8 Kc4
53. Rb6 Rc8 54. Kf6 e4 55. fxe4 Bxe4 56. g4 b4 57. g5 b3 58. g6 Rg8 59. g7 Bd5
60. Rc7 Kd4 61. Kg6 Re8 62. Rb4+ Bc4 {scoresheets illegible} 0-1

[Event "119th Scottish Championship"]
[Site "Glasgow"]
[Date "2012.07.14"]
[Round "8"]
[White "Smith, Stephen H"]
[Black "Doyle, James"]
[Result "0-1"]
[WhiteElo "1805"]
[BlackElo "2020"]
[PlyCount "108"]
[EventDate "2012.07.07"]
[EventType "swiss"]
[EventRounds "9"]
[EventCountry "SCO"]
[Source "Chess Scotland"]
[SourceDate "2012.07.24"]

1. e4 c6 2. d4 d5 3. Nc3 dxe4 4. Nxe4 Nf6 5. Nxf6+ gxf6 6. c3 Bf5 7. Nf3 e6 8.
g3 Nd7 9. Bg2 Qc7 10. O-O Bg7 11. Be3 Nb6 12. Bf4 Qe7 13. Re1 O-O 14. Qd2 Rfd8
15. Bh6 Qf8 16. Bxg7 Qxg7 17. Nh4 Bg6 18. Qe2 Rac8 19. Rad1 Qh6 20. Nxg6 hxg6
21. f4 Kg7 22. Kf2 Rh8 23. Rh1 Rce8 24. h4 Nd7 25. Qg4 Re7 26. Bf3 Rhe8 27. Qh3
Nb6 28. Qf1 e5 29. dxe5 fxe5 30. fxe5 Rxe5 31. Qd3 Kg8 32. Rd2 Nc4 33. Rc2 Nb6
34. Re2 Rxe2+ 35. Bxe2 Nd5 36. Re1 Re3 37. Qd4 Re6 38. c4 Nf6 39. Qf4 Ne4+ 40.
Kg2 Qg7 41. Qb8+ Kh7 42. Qxb7 Nc5 43. Qxa7 Nd3 44. Bxd3 Rxe1 45. Qf2 Re8 46. h5
Rb8 47. hxg6+ fxg6 48. b3 Rf8 49. Qc5 Qf6 50. Qh5+ Kg7 51. Qe2 Qd4 52. Qc2 Rd8
53. Bxg6 Qd2+ 54. Qxd2 Rxd2+ 0-1

[Event "119th Scottish Championship"]
[Site "Glasgow"]
[Date "2012.07.14"]
[Round "8"]
[White "Robertson, Jim"]
[Black "McLatchie, J."]
[Result "0-1"]
[WhiteElo "1696"]
[BlackElo "1875"]
[PlyCount "72"]
[EventDate "2012.07.07"]
[EventType "swiss"]
[EventRounds "9"]
[EventCountry "SCO"]
[Source "Chess Scotland"]
[SourceDate "2012.07.24"]

1. d4 Nf6 2. e3 e6 3. f4 d5 4. Bd3 Nc6 5. c3 Bd6 6. Nd2 Bd7 7. Ngf3 Ng4 8. Qe2
Qe7 9. O-O f6 10. e4 Bxf4 11. h3 Nh6 12. g3 Bxg3 13. Qg2 Bd6 14. exd5 exd5 15.
Re1 Be6 16. c4 Nb4 17. Bb1 c6 18. a3 Na6 19. cxd5 cxd5 20. Nh4 g6 21. Nc4 Nf7
22. Na5 O-O-O 23. Bd3 Nc7 24. Qc2 Bg3 25. Ba6 Nd6 26. Nc6 Qf7 27. Re3 Bxh4 28.
Bd2 bxa6 29. Rb3 Kd7 30. Nxa7 Ke8 31. Ba5 Nc4 32. Rb7 Nxa5 33. Rxc7 Bd7 34. Rc1
Nc4 35. Qe2+ Kf8 36. Nc6 Re8 0-1

[Event "119th Scottish Championship"]
[Site "Glasgow"]
[Date "2012.07.14"]
[Round "8"]
[White "Quinn, David"]
[Black "Grant, Alan G"]
[Result "0-1"]
[WhiteElo "1969"]
[BlackElo "2155"]
[PlyCount "78"]
[EventDate "2012.07.07"]
[EventType "swiss"]
[EventRounds "9"]
[EventCountry "SCO"]
[Source "Chess Scotland"]
[SourceDate "2012.07.24"]

1. d4 d5 2. Nf3 Nf6 3. c4 dxc4 4. e3 Bg4 5. h3 Bh5 6. Bxc4 e6 7. O-O Nbd7 8.
Nc3 Bb4 9. Be2 O-O 10. Qb3 c5 11. Rd1 Qa5 12. a3 Bxc3 13. bxc3 Qc7 14. Bb2 e5
15. dxe5 Nxe5 16. c4 Nxf3+ 17. gxf3 Rad8 18. Qc3 b6 19. Kg2 Rfe8 20. a4 a5 21.
Rg1 Re6 22. Kh1 Qc6 23. Rg3 Kf8 24. Kh2 h6 25. Qc2 Bg6 26. Qc3 Red6 27. Rgg1
R6d7 28. Rge1 Bh5 29. e4 Qc7+ 30. Kg1 Ne8 31. Bc1 Rd6 32. f4 Rg6+ 33. Kh1 Bxe2
34. Rxe2 Rd1+ 35. Re1 Qd7 36. Bb2 Rd3 37. Re3 Rxc3 38. Bxc3 Rd6 39. Ree1 Qxh3+
0-1

[Event "119th Scottish Championship"]
[Site "Glasgow"]
[Date "2012.07.14"]
[Round "8"]
[White "Mirza, Diana"]
[Black "Schmerwitz, Reinhard"]
[Result "0-1"]
[WhiteElo "1668"]
[BlackElo "1874"]
[PlyCount "114"]
[EventDate "2012.07.07"]
[EventType "swiss"]
[EventRounds "9"]
[EventCountry "SCO"]
[Source "Chess Scotland"]
[SourceDate "2012.07.24"]

1. d4 Nf6 2. Nf3 d5 3. e3 Bf5 4. Bd3 Bxd3 5. Qxd3 c6 6. Nbd2 e6 7. Ne5 Be7 8.
f4 O-O 9. O-O c5 10. c3 Nc6 11. Rf3 Rc8 12. Rh3 g6 13. b3 a6 14. Ba3 cxd4 15.
Bxe7 Qxe7 16. exd4 b5 17. g4 Nxe5 18. fxe5 Nxg4 19. Qg3 Qg5 20. Qh4 Qxh4 21.
Rxh4 Ne3 22. Rc1 Rc7 23. Rh3 Nf5 24. Rd3 Rfc8 25. b4 Ne7 26. Nb3 Nc6 27. Nc5 a5
28. a3 axb4 29. axb4 Ra8 30. Rd2 Rca7 31. Rcc2 Ne7 32. Nb3 Nf5 33. Na5 Ne3 34.
Rb2 Rxa5 35. bxa5 Nc4 36. Rdc2 Nxb2 37. Rxb2 Rxa5 38. Kf2 Ra3 39. Rc2 Rb3 40.
Ke2 b4 41. cxb4 Rxb4 42. Kd3 Kg7 43. Rf2 Rb3+ 44. Kc2 Rh3 45. Kd2 Rh5 46. Ke3
Rf5 47. Rxf5 gxf5 48. Kf4 f6 49. h3 fxe5+ 50. Kxe5 Kg6 51. Kf4 h6 52. Kg3 Kf6
53. Kf4 Ke7 54. Ke5 Kd7 55. h4 Kc6 56. h5 Kd7 57. Kf4 Ke7 0-1

[Event "119th Scottish Championship"]
[Site "Glasgow"]
[Date "2012.07.14"]
[Round "8"]
[White "Deary, Daniel"]
[Black "Lees, Fraser A"]
[Result "0-1"]
[WhiteElo "1269"]
[BlackElo "1648"]
[PlyCount "70"]
[EventDate "2012.07.07"]
[EventType "swiss"]
[EventRounds "9"]
[EventCountry "SCO"]
[Source "Chess Scotland"]
[SourceDate "2012.07.24"]

1. e4 g6 2. d4 Bg7 3. Nc3 d6 4. Nf3 Nf6 5. Bf4 O-O 6. Bc4 a6 7. a4 Nh5 8. Be3
Nc6 9. h3 h6 10. Qd2 Kh7 11. g4 Nf6 12. g5 hxg5 13. Nxg5+ Kg8 14. O-O-O e5 15.
d5 Nd4 16. Ne2 b5 17. Ba2 Nxe2+ 18. Qxe2 Nh5 19. Qf3 Bd7 20. h4 Qb8 21. a5 b4
22. Bc4 Bb5 23. Qe2 Bxc4 24. Qxc4 Qb5 25. Qa2 b3 26. Qa3 bxc2 27. Rd2 Nf4 28.
Rxc2 Nd3+ 29. Kd2 Nb4 30. Rxc7 Nxd5 31. Rcc1 Nf4 32. Rhe1 Rac8 33. Rc3 d5 34.
Bc5 Rfd8 35. exd5 Rxd5+ 0-1

[Event "119th Scottish Championship"]
[Site "Glasgow"]
[Date "2012.07.14"]
[Round "8"]
[White "Burnett, Walter"]
[Black "Grove, Michael"]
[Result "0-1"]
[WhiteElo "2015"]
[BlackElo "1955"]
[PlyCount "86"]
[EventDate "2012.07.07"]
[EventType "swiss"]
[EventRounds "9"]
[EventCountry "SCO"]
[Source "Chess Scotland"]
[SourceDate "2012.07.24"]

1. f4 e5 2. fxe5 d6 3. Nf3 dxe5 4. Nc3 Nc6 5. e4 Bg4 6. Bb5 Bc5 7. Bxc6+ bxc6
8. d3 a6 9. Qe2 Rb8 10. Rb1 Bd4 11. Nd1 Qd6 12. h3 Bxf3 13. Qxf3 Ne7 14. Ne3
Qb4+ 15. Kd1 Bxe3 16. Bxe3 O-O 17. g4 Qa4 18. a3 Ng6 19. h4 Rfd8 20. Kc1 c5 21.
Bxc5 Qc6 22. b4 Nf4 23. Rb3 a5 24. Rf1 Rd7 25. g5 Ne6 26. Qe3 axb4 27. Bxb4 Qa4
28. Rb2 c5 29. Bc3 Qxa3 30. Bxe5 Rdb7 31. Bxb8 Qxb2+ 32. Kd2 Nd4 33. Qh3 Qxc2+
34. Ke3 Qe2+ 35. Kf4 Rxb8 36. Ke5 Qb2 37. Kf4 Ne6+ 38. Ke3 Qd4+ 39. Kf3 Qxd3+
40. Kg4 Qxe4+ 41. Kh5 Qg6+ 42. Kg4 Rb4+ 43. Kg3 Rb3+ 0-1

[Event "119th Scottish Championship"]
[Site "Glasgow"]
[Date "2012.07.14"]
[Round "8"]
[White "Sigurdarson, Emil"]
[Black "Borwell, Alan P"]
[Result "1-0"]
[WhiteElo "1808"]
[BlackElo "2078"]
[PlyCount "63"]
[EventDate "2012.07.07"]
[EventType "swiss"]
[EventRounds "9"]
[EventCountry "SCO"]
[Source "Chess Scotland"]
[SourceDate "2012.07.24"]

1. e4 c5 2. Nc3 Nc6 3. f4 g6 4. Nf3 Bg7 5. Bc4 e6 6. O-O a6 7. a4 Nge7 8. Qe1
O-O 9. Bb3 b6 10. d3 Bb7 11. Qh4 Nd4 12. Nxd4 cxd4 13. Ne2 f5 14. Ng3 fxe4 15.
dxe4 Bf6 16. Qh3 Kh8 17. f5 d5 18. Bh6 Bg7 19. Bxg7+ Kxg7 20. f6+ Rxf6 21. Rxf6
Kxf6 22. Qxh7 dxe4 23. Rf1+ Ke5 24. Qg7+ Kd6 25. Qxd4+ Kc7 26. Qc3+ Bc6 27.
Bxe6 Qd6 28. Bg4 Re8 29. Nxe4 Qd5 30. Bf3 Qf5 31. Nf6 Rf8 32. Bxc6 1-0

[Event "119th Scottish Championship"]
[Site "Glasgow"]
[Date "2012.07.14"]
[Round "8"]
[White "Orr, Mark J L"]
[Black "Isherwood, Paul"]
[Result "1-0"]
[WhiteElo "2260"]
[BlackElo "2024"]
[PlyCount "81"]
[EventDate "2012.07.07"]
[EventType "swiss"]
[EventRounds "9"]
[EventCountry "SCO"]
[Source "Chess Scotland"]
[SourceDate "2012.07.24"]

1. c4 Nf6 2. Nf3 d6 3. g3 e5 4. Bg2 Nbd7 5. O-O Be7 6. d4 O-O 7. Nc3 c6 8. e4
a6 9. d5 cxd5 10. cxd5 b5 11. Ne1 Nb6 12. Nd3 Qc7 13. Bd2 Bd7 14. Qe2 a5 15.
Rfc1 Qb8 16. Nd1 Nc4 17. Be1 Rc8 18. a3 Bd8 19. h3 a4 20. Kh2 Bb6 21. Bc3 Na5
22. Bxa5 Bxa5 23. Rxc8+ Qxc8 24. Rc1 Qe8 25. Nb4 Rc8 26. Rc3 Rc5 27. f3 Qc8 28.
Qc2 Ne8 29. Rxc5 dxc5 30. Nd3 Nd6 31. Qxc5 Nc4 32. Qxc8+ Bxc8 33. Bf1 f5 34.
Nc5 Nd6 35. f4 exf4 36. e5 fxg3+ 37. Kxg3 f4+ 38. Kxf4 Bd7 39. Kf3 Nf5 40. d6
Nh4+ 41. Ke4 1-0

[Event "119th Scottish Championship"]
[Site "Glasgow"]
[Date "2012.07.14"]
[Round "8"]
[White "O'Donnell, Conor"]
[Black "Rysbayeva, Aigerim"]
[Result "1-0"]
[WhiteElo "1939"]
[BlackElo "2175"]
[PlyCount "99"]
[EventDate "2012.07.07"]
[EventType "swiss"]
[EventRounds "9"]
[EventCountry "SCO"]
[Source "Chess Scotland"]
[SourceDate "2012.07.24"]

1. e4 c5 2. Nc3 Nc6 3. f4 d6 4. Nf3 Nf6 5. Bc4 e6 6. d3 d5 7. Bb5 d4 8. Bxc6+
bxc6 9. Ne2 Be7 10. O-O O-O 11. h3 Qb6 12. b3 a5 13. g4 a4 14. Ng3 axb3 15.
cxb3 Ba6 16. Ne5 Ra7 17. g5 Nd7 18. Nxd7 Rxd7 19. f5 exf5 20. exf5 Bd6 21. Ne4
Re8 22. Qg4 Rxe4 23. Qxe4 Re7 24. Qf3 Re5 25. f6 Bc8 26. Bf4 Rf5 27. Qe4 Qd8
28. Rae1 Be6 29. h4 gxf6 30. Bxd6 Qxd6 31. gxf6 Rxf1+ 32. Rxf1 Kf8 33. Qf4 Qxf4
34. Rxf4 Ke8 35. Re4 Kd7 36. Rxe6 Kxe6 37. a4 Kd6 38. Kf2 Kc7 39. Kf3 Kb6 40.
Ke4 Ka5 41. Ke5 Kb4 42. Kd6 Kxb3 43. Kxc5 Kxa4 44. h5 Kb3 45. Kxd4 Kb4 46. Ke5
Kc5 47. h6 Kb4 48. Kd6 c5 49. Ke7 Kc3 50. Kxf7 1-0

[Event "119th Scottish Championship"]
[Site "Glasgow"]
[Date "2012.07.14"]
[Round "8"]
[White "Noordhoek, Henk"]
[Black "James, Chris"]
[Result "1-0"]
[WhiteElo "2095"]
[BlackElo "2028"]
[PlyCount "91"]
[EventDate "2012.07.07"]
[EventType "swiss"]
[EventRounds "9"]
[EventCountry "SCO"]
[Source "Chess Scotland"]
[SourceDate "2012.07.24"]

1. Nf3 d5 2. g3 Nf6 3. Bg2 Bf5 4. O-O c6 5. b3 e6 6. Bb2 Bd6 7. d3 Nbd7 8. Nbd2
Qc7 9. c4 O-O-O 10. Rc1 h6 11. Nd4 dxc4 12. Nxc4 Kb8 13. Nxd6 Qxd6 14. Qd2 g5
15. Rxc6 bxc6 16. Nxc6+ Kc8 17. Nxa7+ Kb8 18. Nc6+ Kc8 19. Qa5 Nb8 20. Nxb8
Qxb8 21. Bxf6 Qc7 22. Qa8+ Kd7 23. Qa4+ Kc8 24. Bxh8 Rxh8 25. Qa8+ Qb8 26. Rc1+
Kd7 27. Qxb8 Rxb8 28. Kf1 Rb6 29. Ke1 e5 30. Kd2 Be6 31. Rc3 Kd6 32. Kc2 f5 33.
a4 Bd5 34. Bxd5 Kxd5 35. Rc4 f4 36. g4 h5 37. h3 hxg4 38. hxg4 f3 39. exf3 Rf6
40. Kd2 Rxf3 41. Ke2 Rf6 42. a5 Re6 43. Ra4 Ra6 44. Ke3 Kc5 45. Ke4 Rf6 46. a6
1-0

[Event "119th Scottish Championship"]
[Site "Glasgow"]
[Date "2012.07.14"]
[Round "8"]
[White "Mirza, Gabriel"]
[Black "Giulian, Rosemary A"]
[Result "1-0"]
[WhiteElo "1772"]
[BlackElo "1918"]
[PlyCount "96"]
[EventDate "2012.07.07"]
[EventType "swiss"]
[EventRounds "9"]
[EventCountry "SCO"]
[Source "Chess Scotland"]
[SourceDate "2012.07.24"]

1. Nf3 e6 2. c4 Nf6 3. g3 b6 4. Bg2 Bb7 5. O-O g6 6. b3 Bg7 7. Bb2 O-O 8. d3 d5
9. cxd5 exd5 10. Nc3 Qe7 11. a3 Nbd7 12. Re1 Rfd8 13. Ra2 Nf8 14. e3 Ne6 15.
Ne2 Nd7 16. Bxg7 Kxg7 17. d4 Ng5 18. b4 Nxf3+ 19. Bxf3 Nf8 20. Nc1 a5 21. b5
Qd6 22. Nd3 Ne6 23. h4 h6 24. Qc2 Re8 25. Ne5 Rad8 26. Rc1 Re7 27. Qd3 Nc5 28.
Qd1 Ne4 29. Nc6 Bxc6 30. Rxc6 Qd7 31. Bg4 f5 32. Bh3 Re6 33. Rac2 Rxc6 34. Rxc6
Qf7 35. Qc2 Rd7 36. Kh2 Nd6 37. a4 Re7 38. Bg2 Nc4 39. Qd3 Rd7 40. h5 Rd6 41.
hxg6 Rxg6 42. Bxd5 Qxd5 43. Rxc7+ Kh8 44. Qxc4 Qf3 45. Rc8+ Kh7 46. Qc7+ Rg7
47. Qf4 Qh5+ 48. Kg2 Qf7 1-0

[Event "119th Scottish Championship"]
[Site "Glasgow"]
[Date "2012.07.14"]
[Round "8"]
[White "Jelfs, Alan"]
[Black "Pyrich, George"]
[Result "1-0"]
[WhiteElo "1852"]
[BlackElo "2007"]
[PlyCount "51"]
[EventDate "2012.07.07"]
[EventType "swiss"]
[EventRounds "9"]
[EventCountry "SCO"]
[Source "Chess Scotland"]
[SourceDate "2012.07.24"]

1. d4 Nf6 2. c4 e6 3. Nc3 Bb4 4. e3 O-O 5. Bd3 d5 6. Nge2 dxc4 7. Bxc4 c5 8.
O-O Nbd7 9. Bd2 b6 10. Qb3 Bb7 11. Rad1 a6 12. Nf4 Qe7 13. a3 Bxc3 14. Bxc3 b5
15. d5 Nb6 16. d6 Qe8 17. Bxf6 gxf6 18. Nh5 Qd8 19. Bxe6 fxe6 20. Qxe6+ Kh8 21.
d7 Rg8 22. e4 Rg6 23. b3 f5 24. Qe5+ Kg8 25. Rd6 Rxd6 26. Qg7# 1-0

[Event "119th Scottish Championship"]
[Site "Glasgow"]
[Date "2012.07.14"]
[Round "8"]
[White "Sverrisson, Nokkvi"]
[Black "Swan, Iain"]
[Result "1/2-1/2"]
[WhiteElo "1973"]
[BlackElo "2259"]
[PlyCount "44"]
[EventDate "2012.07.07"]
[EventType "swiss"]
[EventRounds "9"]
[EventCountry "SCO"]
[Source "Chess Scotland"]
[SourceDate "2012.07.24"]

1. e4 e6 2. d4 d5 3. Nd2 Be7 4. Ngf3 Nf6 5. Bd3 c5 6. e5 Nfd7 7. c3 b6 8. Nf1
Ba6 9. Ng3 h6 10. O-O Bxd3 11. Qxd3 c4 12. Qc2 Nc6 13. Ne1 Qc7 14. f4 g6 15.
Be3 b5 16. Nf3 Nb6 17. b3 Na5 18. Nd2 O-O-O 19. Rfb1 Rd7 20. Ngf1 Qc6 21. Bf2
Rc7 22. Ng3 Kd7 1/2-1/2